00734nam a22001937a 4500003000900000008004100009040007100050082001500121100002100136245006700157260003500224300002800259440003900287505014900326650001600475650001500491650001400506700002000520AR-CdUCM190506b ||||| |||| 00| 0 spa d aMUNICIPALIDAD PROVINCIAL DEL CUSCOcBIBLIOTECA MUNICIPAL DEL CUSCO a306 /bB35 aBehrman, Jack N. aCriterios de decisión para inversiones en américa latina / aBuenos Aires :bProlam,c1975. a133 páginas :c23 cm. aEdiciones económicas y empresa  aContenido : Criterios de las empresas y formas de operación -- Criterios e inquietudes del gobierno huesped -- Evaluación de las normas ...  aInversión aEconomía aAmérica aLeal, Anibal G,